| 000 | 00560nam a2200181Ia 4500 | ||
|---|---|---|---|
| 008 | 100920s9999 xx 000 0 und d | ||
| 082 |
_b97186 _a891.464 न 06 |
||
| 100 | _aठाकूर दिलीप. | ||
| 245 | _aअप्पर स्टॉल. | ||
| 260 |
_bआमोद प्रकाशन, मुंबई. _c2006 |
||
| 300 |
_a156 _bसाधी |
||
| 365 | _b140 | ||
| 520 | _aनिबंध. | ||
| 630 | _aअप्पर स्टॉल. | ||
| 650 | _aनिबंध. | ||
| 730 | _aअप्पर स्टॉल. | ||
| 942 | _cBOOK | ||
| 999 |
_c737625 _d737622 |
||